| 000 | 00397 a2200169 4500 | ||
|---|---|---|---|
| 001 | 72189 | ||
| 020 | _a8526216473 | ||
| 040 | _cAnchieta - Colégio São Paulo | ||
| 100 | _aVerges, Glória | ||
| 240 | 1 | 0 |
_aDa pré-história ao Egito _lpor |
| 245 | 1 | 0 | _aDa pré-história ao Egito |
| 300 | _a32 | ||
| 362 | 0 | _a1999 | |
| 440 | 1 | _aScipione | |
| 650 | 4 | _aLiteratura infanto-juvenil | |
| 942 | _cBK | ||
| 999 |
_c72189 _d72189 |
||